000 00538nam a22001577a 4500
003 Macl
005 20241019145138.0
008 241019b |||||||| |||| 00| 0 eng d
040 _cMacl
082 _a355
100 _aकुमार ,अशोक
_974017
245 _aभारत की आंतरिक सुरक्षा की मुख्य चुनौतिया
260 _bMc Graw Hill पब्लिकेशन्स
_c2024
650 _aसैनिक विज्ञान
_966695
942 _2ddc
_cC. BOOKS
999 _c67169
_d67169